NASCAR Coke Zero 400 Winners - Statistics

General Stats
  • This quiz has been taken 390 times
    193 since last reset
  • The average score is 40 of 66
Answer Stats
Year Winner % Correct
1990 Dale Earnhardt
95%
1993 Dale Earnhardt
95%
2001 Dale Earnhardt Jr
94%
2015 Dale Earnhardt Jr
94%
2008 Kyle Busch
93%
1975 Richard Petty
93%
1977 Richard Petty
93%
1984 Richard Petty
93%
2013 Jimmie Johnson
89%
1995 Jeff Gordon
86%
1998 Jeff Gordon
86%
2004 Jeff Gordon
86%
2005 Tony Stewart
82%
2006 Tony Stewart
82%
2009 Tony Stewart
82%
2012 Tony Stewart
82%
2010 Kevin Harvick
81%
2002 Michael Waltrip
79%
2020 William Byron
78%
2016 Brad Keselowski
77%
2021 Ryan Blaney
73%
1980 Bobby Allison
71%
1982 Bobby Allison
71%
1987 Bobby Allison
71%
2024 Harrison Burton
71%
2022 Austin Dillon
70%
1989 Davey Allison
70%
2000 Jeff Burton
70%
1970 Donnie Allison
68%
1967 Cale Yarborough
67%
1968 Cale Yarborough
67%
1976 Cale Yarborough
67%
1981 Cale Yarborough
67%
1969 LeeRoy Yarbrough
67%
1988 Bill Elliott
64%
1991 Bill Elliott
64%
1961 David Pearson
60%
1972 David Pearson
60%
1973 David Pearson
60%
1974 David Pearson
60%
1978 David Pearson
60%
2023 Chris Buescher
57%
1999 Dale Jarrett
55%
2018 Erik Jones
54%
2003 Greg Biffle
52%
2017 Ricky Stenhouse Jr
52%
2011 David Ragan
49%
2007 Jamie McMurray
49%
2014 Aric Almirola
46%
2019 Justin Haley
44%
1996 Sterling Marlin
43%
1983 Buddy Baker
42%
1992 Ernie Irvan
42%
1959 Fireball Roberts
36%
1962 Fireball Roberts
36%
1963 Fireball Roberts
36%
1994 Jimmy Spencer
29%
1971 Bobby Isaac
26%
1997 John Andretti
22%
1986 Tim Richmond
22%
1979 Neil Bonnett
20%
1964 AJ Foyt
11%
1965 AJ Foyt
11%
1985 Greg Sacks
10%
1960 Jack Smith
10%
1966 Sam McQuagg
2%
No matching quizzes found
Score Distribution
Percent of People with Each Score
Percentile by Number Answered
Your Score History
You have not taken this quiz since the last reset